000 00833nam a2200265 a 4500
001 70239
003 BD-RjUL
005 20211209081958.0
008 170416s1962 enka 001 0 eng
035 _a(BD-RjUL)70453
040 _aDLC
_cMBNU
_dBD-RjUL
_beng
041 _aeng
082 _a512
_223
_bSPI 1962
100 1 _aSpitzbart, Abraham.
_9206534
245 1 0 _aIntroductory algebra and trigonometry /
_cby Abraham Spitzbart and Ross H. Bardell.
260 _aLondon :
_bAddison-Wesley,
_cc1962.
300 _ax, 389 p. :
_bill. ;
_c24 cm.
500 _aIncludes index
650 0 _aAlgebra.
_9208014
650 0 _aTrigonometry.
_9208015
700 1 _aBardell, Ross Harvey,
_d1903-
_ejoint author.
_9208016
942 _2ddc
_cBK
999 _c70239
_d70239